The world book student discovery encyclopedia
A general elementary encyclopedia with brief illustrated articles covering an alphabetical array of topics. The world book student discovery encyclopedia provides pronunciation for many unusual or unfamiliar words. In the pronunciation, the words are divided into syllables and respelled according to...
Đã lưu trong:
| 格式: | 图书 |
|---|---|
| 语言: | Undetermined |
| 出版: |
Chicago
World book, inc
2000
|
| 主题: | |
| 标签: |
添加标签
没有标签, 成为第一个标记此记录!
|
| Thư viện lưu trữ: | Trung tâm Học liệu Trường Đại học Cần Thơ |
|---|
| LEADER | 00829nam a2200169Ia 4500 | ||
|---|---|---|---|
| 001 | CTU_150818 | ||
| 008 | 210402s9999 xx 000 0 und d | ||
| 082 | |a 031 | ||
| 082 | |b W927/Vol.10 | ||
| 245 | 4 | |a The world book student discovery encyclopedia | |
| 260 | |a Chicago | ||
| 260 | |b World book, inc | ||
| 260 | |c 2000 | ||
| 520 | |a A general elementary encyclopedia with brief illustrated articles covering an alphabetical array of topics. The world book student discovery encyclopedia provides pronunciation for many unusual or unfamiliar words. In the pronunciation, the words are divided into syllables and respelled according to the way each syllables,... | ||
| 650 | |a Encyclopedias and dictionaries,Children’s encyclopedias and dictionaries | ||
| 904 | |i Năm | ||
| 980 | |a Trung tâm Học liệu Trường Đại học Cần Thơ | ||